| 000 | 01436cam a2200385 a 4500 | ||
|---|---|---|---|
| 001 | 17464891 | ||
| 005 | 20170105102918.0 | ||
| 008 | 120917s2012 nyua b 001 0 eng | ||
| 010 | _a 2012037733 | ||
| 020 | _a9781471113192 (hardcover) | ||
| 020 | _a9781451651102 (hardcover) | ||
| 020 | _a9781451651126 (ebook) | ||
| 020 | _a9781451651119 (trade pbk.) | ||
| 040 |
_aDLC _cDLC _dDLC |
||
| 042 | _apcc | ||
| 043 | _an-us--- | ||
| 050 | 0 | 0 |
_aHC106.84 _b.W664 2012 |
| 082 | 0 | 0 |
_a973.932092 _223 |
| 100 | 1 |
_aWoodward, Bob, _d1943- |
|
| 245 | 1 | 4 |
_aThe price of politics / _cBob Woodward. |
| 260 |
_aNew York : _bSimon & Schuster, _cc2012. |
||
| 300 |
_axvii, 428 p., [16] p. of plates : _bill. ; _c25 cm. |
||
| 504 | _aIncludes bibliographical references (p. [381]-406) and index. | ||
| 600 | 1 | 0 | _aObama, Barack. |
| 650 | 0 |
_aBudget _zUnited States. |
|
| 650 | 0 |
_aBudget deficits _zUnited States. |
|
| 650 | 0 |
_aGovernment spending policy _zUnited States. |
|
| 650 | 0 |
_aFiscal policy _zUnited States. |
|
| 651 | 0 |
_aUnited States _xEconomic policy _y2009- |
|
| 651 | 0 |
_aUnited States _xEconomic conditions _y2009- |
|
| 651 | 0 |
_aUnited States _xPolitics and government _y2009- |
|
| 906 |
_a7 _bcbc _corignew _d1 _eecip _f20 _gy-gencatlg |
||
| 942 |
_2ddc _cBK |
||
| 999 |
_c15438 _d15438 |
||